LEADER 00758naa a2200157 i 4500 001 000000317800 003 CaOOAMICUS 005 20180831173235.0 008 180831n it u000 u ita u 013 $a27037 040 $aSeMil$bita 100 1 $aVian, Giovanni Maria,$d<1952- >.$0(OLS)http://semarc/name/35389 245 13$aIl ruolo di Montini nella preparazione e nell'avvio del Concilio. 650 4$aConcilio Vaticano II <1962-1965> - Influssi [di] Giovanni Battista Montini.$0(OLS)http://semarc/subject/43006 773 0 $tCome si è giunti al Concilio Vaticano 2..$dMilano : Massimo, 1988.$kProblemi del nostro tempo$z88-7030-471-X$gp.196-201$w()68385 996 $6245$aIl ruolo di Montini nella preparazione e nell'avvio del Concilio$9(OLS)http://semarc/title/391722 LEADER 00858nam a2200217 i 4500 001 000000070135 003 CaOOAMICUS 005 20080808000000.0 008 080808s1922 it u000 u ita u 013 $a41307 040 $aSeMil$bita 100 1 $aChiocchetti, Emilio .$0(OLS)http://semarc/name/30788 245 13$aLa filosofia di Giovanni Gentile /$cEmilio Chiocchetti. 260 $aMilano :$bVita e Pensiero,$c1922. 300 $aXVI, 475 p. ;$c20 cm. 500 $aA p. 5: Dedica autografa. 600 14$aGentile, Giovanni <1875-1944>.$0(OLS)http://semarc/subject/25 850 $aSeMil 852 $aSeMil$W1$xVenegono$y1$m2P II 48$j36288$B36288$CSeMilBibl$Z2$F36291 $81 996 $6245$aLa filosofia di Giovanni Gentile$9(OLS)http://semarc/title/112504 996 $6260$aMilano :$bVita e Pensiero$9(OLS)http://semarc/publisher/29642